Panchsheel: (Record no. 17143)

MARC details
000 -LEADER
fixed length control field 00727nam a22002177a 4500
005 - DATE AND TIME OF LATEST TRANSACTION
control field 20081020171357.0
008 - FIXED-LENGTH DATA ELEMENTS--GENERAL INFORMATION
fixed length control field 081020t xxu||||| |||| 00| 0 eng d
010 ## - LIBRARY OF CONGRESS CONTROL NUMBER
LC control number ENG-84181
020 ## - INTERNATIONAL STANDARD BOOK NUMBER
International Standard Book Number 8175412925
020 ## - INTERNATIONAL STANDARD BOOK NUMBER
Terms of availability 395.00 (hb)
035 ## - SYSTEM CONTROL NUMBER
System control number EN-67714
082 ## - DEWEY DECIMAL CLASSIFICATION NUMBER
Classification number 327.54051
245 ## - TITLE STATEMENT
Title Panchsheel:
Remainder of title retrospect and prospect /
Statement of responsibility, etc edited by Mahavir Singh
260 ## - PUBLICATION, DISTRIBUTION, ETC. (IMPRINT)
Place of publication, distribution, etc Delhi
Name of publisher, distributor, etc Shipra Publications
260 ## - PUBLICATION, DISTRIBUTION, ETC. (IMPRINT)
Date of publication, distribution, etc 2005
300 ## - PHYSICAL DESCRIPTION
Extent 152p
Dimensions 22cm
500 ## - GENERAL NOTE
General note Includes index
700 ## - ADDED ENTRY--PERSONAL NAME
Personal name Mahavir Singh, ed
942 ## - ADDED ENTRY ELEMENTS (KOHA)
Source of classification or shelving scheme Dewey Decimal Classification
Koha item type English Books
Classification part 327.54051
Call number suffix PAN
Holdings
Withdrawn status Lost status Source of classification or shelving scheme Damaged status Not for loan Home library Current library Date acquired Cost, normal purchase price Total Checkouts Full call number Barcode Date last seen Cost, replacement price Price effective from Koha item type
    Dewey Decimal Classification   Not For Loan D.B.Act.Division D.B.Act.Division 26/02/2007 395.00   327.54051 / PAN EN-67714 21/10/2008 395.00 21/10/2008 English Books

© Delhi Public Library
Hit Counter
free hit counter